| 000 | 00467nam a2200181Ia 4500 | ||
|---|---|---|---|
| 008 | 230524s9999 xx 000 0 und d | ||
| 020 | _a8173193355 | ||
| 082 |
_a510.21 _bEDM |
||
| 100 | _aDavid E.Edmunds | ||
| 245 | 0 | _aFunction Spaces and Applications | |
| 250 | _a1ST | ||
| 260 |
_aNEW DELHI _bNarosa _c2000 |
||
| 300 | _aVIII;278 | ||
| 500 | _aQuantity Number: 2 | ||
| 650 | _aMathematics | ||
| 700 | _a" Pawan K.Jain , Pankaj Jain et.al,,," | ||
| 942 | _cBK | ||
| 999 |
_c12890 _d12890 |
||